| 000 | 00506pab a2200181 454500 | ||
|---|---|---|---|
| 008 | 180718b2012 xxu||||| |||| 00| 0 eng d | ||
| 100 | _aShahrokni, Nazanin | ||
| 245 | _aThe politics of polling: Polling and the constitution of counter - publics during reform in Iran | ||
| 260 | _c2012 | ||
| 300 | _ap.202-221. | ||
| 362 | _aMar | ||
| 650 | _aSocial movements - Iran | ||
| 650 | _aPublic opinion - Iran | ||
| 650 | _aPublic opinion | ||
| 773 | _aCurrent Sociology | ||
| 908 | _aN | ||
| 909 | _a96507 | ||
| 999 |
_c96507 _d96507 |
||